书目信息 |
| 题名: |
无机化学实验
|
|
| 作者: | ;武汉大学化学与分子科学学院实验中心 编 | |
| 分册: | ||
| 出版信息: | 武汉 武汉大学出版社 2002 |
|
| 页数: | 318页 | |
| 开本: | 20cm | |
| 丛书名: | ||
| 单 册: | ||
| 中图分类: | O61-3 | |
| 科图分类: | ||
| 主题词: | 无机化学--实验--高等学校 , 无机化学 | |
| 电子资源: | ||
| ISBN: | 7-307-03666-5 | |
| 000 | 00977nam0 2200253 450 | |
| 001 | 07002301468 | |
| 005 | 20051008113051.95 | |
| 010 | @a7-307-03666-5@dCNY13.50 | |
| 100 | @a20050122d2002 ekmy0chiy0120 ea | |
| 101 | 0 | @achi |
| 102 | @aCN@b420000 | |
| 105 | @aa az 000yy | |
| 200 | 1 | @a无机化学实验@9wu ji hua xue shi yan@f武汉大学化学与分子科学学院实验中心编@Fwu han da xue hua xue yu fen zi ke xue xue yuan shi yan zhong xin bian |
| 210 | @a武汉@c武汉大学出版社@d2002 | |
| 215 | @a318页@c图@d20cm | |
| 300 | @a高等院校化学课实验系列教材 | |
| 320 | @a有书目 | |
| 330 | @a本书共选入了47个实验,实验内容包括:基本操作训练;无机物的提纯、制备方法;配合物的合成方法;元素及其化合物性质及未知物鉴别等。 | |
| 606 | 0 | @a无机化学@x实验@x高等学校 |
| 606 | 0 | @a无机化学 |
| 690 | @aO61-3@v4 | |
| 711 | 0 | @a武汉大学化学与分子科学学院实验中心@Awu han da xue hua xue yu fen zi ke xue xue yuan shi yan zhong xin@4编 |
| 801 | 0 | @aCN@bTSSF@c20051008 |
| 905 | @a10447@dO61-3@e80 | |
| 无机化学实验/武汉大学化学与分子科学学院实验中心编.-武汉:武汉大学出版社,2002 |
| 318页:图;20cm |
| 高等院校化学课实验系列教材 |
| ISBN 7-307-03666-5:CNY13.50 |
| 本书共选入了47个实验,实验内容包括:基本操作训练;无机物的提纯、制备方法;配合物的合成方法;元素及其化合物性质及未知物鉴别等。 |
| ● |
| 相关链接 |
|
|
|
|
正题名:无机化学实验
索取号:O61-3/80
 
预约/预借
| 序号 | 登录号 | 条形码 | 馆藏地/架位号 | 状态 | 备注 |
| 1 | 0364610 | 3646102 | 第二样本阅览室/ [索取号:O61-3/80] | 在馆 | |
| 2 | 0364611 | 3646111 | 第三借阅区/ [索取号:O61-3/80] | 在馆 | |
| 3 | 0364612 | 3646120 | 第三借阅区/ [索取号:O61-3/80] | 在馆 | |
| 4 | 0364613 | 3646139 | 第三借阅区/ [索取号:O61-3/80] | 在馆 | |
| 5 | 0364614 | 3646148 | 第三借阅区/ [索取号:O61-3/80] | 在馆 |